SWOT analýza, trendy e-learningu

E-learning a jeho swot analýza: silné stránky, slabé stránky, príležitosti, hrozby. Trendy e-learningu.

Na minha lista:
Detalhes bibliográficos
Autor principal: Szivósová, Mária, 1958-
Formato: Capítulo de Livro
Idioma:eslovaco
Assuntos:
Tags: Adicionar Tag
Sem tags, seja o primeiro a adicionar uma tag!

MARC

LEADER 00000nla a2200000 4500
001 0234321
005 20240502073812.4
041 0 |a slo 
044 |a SK 
245 1 0 |a SWOT analýza, trendy e-learningu  |c Mária Szivósová 
520 |a E-learning a jeho swot analýza: silné stránky, slabé stránky, príležitosti, hrozby. Trendy e-learningu. 
610 2 0 |a vzdelávanie elektronické 
610 2 0 |a technológie informačné 
610 2 0 |a technológie komunikačné 
610 2 0 |a analýza swot 
100 1 |a Szivósová, Mária, 1958-